| 000 | 00753nam a2200241 4500 | ||
|---|---|---|---|
| 003 | OSt | ||
| 005 | 20260530113857.0 | ||
| 008 | 260420b1979 mx a|||| |||| 00| 0 spa d | ||
| 020 | _a9682407214 | ||
| 040 |
_aICI _bspa _cICI |
||
| 050 |
_aNA2750 _bW58 |
||
| 100 | 1 |
_a White, Edward T. _931841 |
|
| 245 | 1 | 0 |
_aManual de Conceptos de Formas Arquitectónicas _cEdward t. White ; traduccion Federico patan López |
| 264 | 1 |
_bEditorial Trillas _c1979 _aMéxico |
|
| 300 | _a201 páginas | ||
| 336 |
_atexto _2rdacontent |
||
| 337 |
_asin medio _2rdamedia |
||
| 338 |
_avolumen _2rdacarrier |
||
| 650 | 4 |
_a Dibujo arquitectónico _931842 |
|
| 650 | 4 |
_aDiseño arquitectónico _931843 |
|
| 650 | 4 |
_a Arquitectura _vDiseños y planos _931844 |
|
| 942 |
_2ddc _cBK |
||
| 999 |
_c11652 _d11652 |
||